Urban design futures (Record no. 8081)

000 -LEADER
fixed length control field 00352nam a22001457a 4500
003 - CONTROL NUMBER IDENTIFIER
control field OSt
005 - DATE AND TIME OF LATEST TRANSACTION
control field 20200706120753.0
008 - FIXED-LENGTH DATA ELEMENTS--GENERAL INFORMATION
fixed length control field 200706b ||||| |||| 00| 0 eng d
020 ## - INTERNATIONAL STANDARD BOOK NUMBER
International Standard Book Number 9780415318785
082 ## - DEWEY DECIMAL CLASSIFICATION NUMBER
Classification number 711.4
Item number MOO
100 ## - MAIN ENTRY--PERSONAL NAME
Personal name Moor, Malcolm, Rowland, Jon
Dates associated with a name 1944-
245 ## - TITLE STATEMENT
Title Urban design futures
260 ## - PUBLICATION, DISTRIBUTION, ETC. (IMPRINT)
Name of publisher, distributor, etc Routledge
Date of publication, distribution, etc 2006
942 ## - ADDED ENTRY ELEMENTS (KOHA)
Source of classification or shelving scheme
Holdings
Withdrawn status Lost status Source of classification or shelving scheme Damaged status Koha normalized classification for sorting Not for loan Permanent location Current location Date acquired Full call number Barcode Date last seen Price effective from Koha item type Shelving location
        711_400000000000000_MOO   BMS College of Architecture, Design and Planning BMS College of Architecture, Design and Planning 2020-07-06 711.4 MOO AR-UG1421 2022-04-18 2020-07-06 UG Books  
        711_000000000000000_4MOO   BMS College of Architecture, Design and Planning BMS College of Architecture, Design and Planning 2025-11-28 711.4MOO AR-PG784 2026-02-10 2026-02-10 PG Books General Stacks
Copyright © 2025, The Librarian, Library and Information Centre, BMSCA D&P, Bengaluru. All Rights Reserved
web counter

Powered by Koha